| 000 | 00483nam a2200193Ia 4500 | ||
|---|---|---|---|
| 003 | LK-CoDNM | ||
| 005 | 20240122095844.0 | ||
| 008 | 010623t1926 xxu||||| |||| 00| 1 sin d | ||
| 040 |
_aLK-CoDNM _dLK-CoDNM _eLK-CoDNM |
||
| 041 | _asin | ||
| 080 |
_a104 _bK 7 |
||
| 100 | _aKarunatilaka,M.D.D | ||
| 245 | _aKohomba Yakkama : Vijeraja Kathava | ||
| 260 |
_bVidyakalpa _aKegalla _c1926 |
||
| 300 | _b16p, 21 cm | ||
| 490 | _vpart I,II | ||
| 650 | _aVijeraja Kathaawa | ||
| 942 | _cBK | ||
| 999 |
_c93230 _d93230 |
||